| 000 | 00574nam a2200193 i 4500 | ||
|---|---|---|---|
| 001 | 51619 | ||
| 003 | ES-MaACL | ||
| 005 | 20240223191930.0 | ||
| 007 | t| | ||
| 008 | 030814s1972 sp ||||1| spa d | ||
| 100 | 1 |
_aChico González, Pedro. _938490 |
|
| 245 | 1 | 0 |
_aEstilo personalizado en educación _b: técnicas y principios / _cPedro Chico González. |
| 260 |
_aMadrid : _bBruño, _c1972. |
||
| 300 |
_a528 p. ; _c21 cm. |
||
| 490 | 1 | _aEducación Actual | |
| 830 | 0 |
_aEducación actual _9182606 |
|
| 852 |
_aES-MaACL _jC-43386 _bR.82393 |
||
| 999 |
_c51619 _d51619 |
||